[Event "Brandenburg Seniors op 15th"]
[Site "Rowy"]
[Date "2006.06.26"]
[Round "7"]
[White "Triegel, Rudolf"]
[Black "Bergmann, Hans Dieter"]
[Result "0-1"]
[WhiteElo "1511"]
[BlackElo "1515"]
[PlyCount "104"]
[EventDate "2006.06.19"]
[EventType "swiss"]
[EventRounds "9"]
[EventCountry "POL"]
[SourceTitle "EXT 2007"]
[Source "ChessBase"]
[SourceDate "2006.11.23"]
[SourceVersion "1"]
[SourceVersionDate "2006.11.23"]
[SourceQuality "1"]

1. e4 c5 2. Nf3 d6 3. d4 cxd4 4. Nxd4 Nf6 5. Nc3 g6 6. Be3 Bg7 7. Bd3 0-0 8. 0-0 Ng4 9. Qd2 Nxe3 10. Qxe3 a6 11. Nde2 e6 12. Rab1 Nc6 13. a3 Ne5 14. Na4 b5 15. Nac3 Ng4 16. Qd2 Qh4 17. h3 Bh6 18. f4 Nf6 19. Qd1 d5 20. e5 Nh5 21. Qe1 Qe7 22. g4 Qa7+ 23. Qf2 d4 24. Ne4 f5 25. Nf6+ Nxf6 26. exf6 fxg4 27. hxg4 g5 28. fxg5 Bxg5 29. f7+ Rxf7 30. Qxf7+ Qxf7 31. Rxf7 Kxf7 32. Bxh7 Be3+ 33. Kh2 Bb7 34. Kg3 Kg7 35. Bd3 Rf8 36. Ng1 Bf2+ 37. Kh2 Be3 38. Kg3 e5 39. Rf1 Bf4+ 40. Kf2 Bc1+ 41. Ke2 Rxf1 42. Kxf1 Bxb2 43. Bf5 Bxa3 44. Ke2 Bd5 45. Nf3 Bd6 46. Nd2 a5 47. Bd7 a4 48. Bxb5 a3 49. c4 Be4 50. Nxe4 a2 51. Nxd6 a1Q 52. Nf5+ Kf6 0-1

[Event "Brandenburg Seniors op 15th"]
[Site "Rowy"]
[Date "2006.06.25"]
[Round "6"]
[White "Sube, Guenter"]
[Black "Triegel, Rudolf"]
[Result "1-0"]
[WhiteElo "1676"]
[BlackElo "1511"]
[PlyCount "87"]
[EventDate "2006.06.19"]
[EventType "swiss"]
[EventRounds "9"]
[EventCountry "POL"]
[SourceTitle "EXT 2007"]
[Source "ChessBase"]
[SourceDate "2006.11.23"]
[SourceVersion "1"]
[SourceVersionDate "2006.11.23"]
[SourceQuality "1"]

1. e4 c5 2. Nf3 Nc6 3. d4 cxd4 4. Nxd4 Nf6 5. Nc3 e5 6. Ndb5 d6 7. Nd5 Nxd5 8. exd5 Ne7 9. c4 a6 10. Qa4 Nc6 11. dxc6 bxc6 12. Nc3 Bd7 13. Qd1 Be7 14. Be2 Be6 15. 0-0 0-0 16. b3 Qc7 17. Be3 Rfd8 18. Na4 c5 19. Nc3 f5 20. Nd5 Bxd5 21. Qxd5+ Kh8 22. f3 f4 23. Bf2 Bf6 24. Rad1 g5 25. Rd2 Qe7 26. Qe4 Rac8 27. Rfd1 Rd7 28. h3 Rdd8 29. Bd3 Rc7 30. Bb1 Qf8 31. b4 Kg8 32. bxc5 dxc5 33. Rxd8 Bxd8 34. Qxe5 Qe7 35. Qd5+ Kg7 36. Qxd8 Qxd8 37. Rxd8 Rb7 38. Be4 Rc7 39. Be1 a5 40. Bc3+ Kh6 41. Rd6+ Kh5 42. Kh2 h6 43. g4+ fxg3+ 44. Kxg3 1-0

[Event "Brandenburg Seniors op 15th"]
[Site "Rowy"]
[Date "2006.06.20"]
[Round "2"]
[White "Mazurkiewicz, Antoni"]
[Black "Triegel, Rudolf"]
[Result "0-1"]
[WhiteElo "1549"]
[BlackElo "1511"]
[PlyCount "114"]
[EventDate "2006.06.19"]
[EventType "swiss"]
[EventRounds "9"]
[EventCountry "POL"]
[SourceTitle "EXT 2007"]
[Source "ChessBase"]
[SourceDate "2006.11.23"]
[SourceVersion "1"]
[SourceVersionDate "2006.11.23"]
[SourceQuality "1"]

1. d4 Nf6 2. Nf3 e6 3. g3 b6 4. Bg2 c6 5. c4 Ba6 6. b3 Bb4+ 7. Bd2 Be7 8. 0-0 d5 9. Qc2 Nbd7 10. Bg5 Rc8 11. Nbd2 Qc7 12. Bf4 Bd6 13. Bxd6 Qxd6 14. Rac1 0-0 15. Rfe1 Bb7 16. e4 dxe4 17. Nxe4 Nxe4 18. Qxe4 Nf6 19. Qe3 c5 20. Rcd1 Bxf3 21. Bxf3 cxd4 22. Rxd4 Qc7 23. Red1 Rcd8 24. Qc3 Rxd4 25. Qxd4 h6 26. Kg2 Re8 27. Qd2 Kf8 28. h3 Ke7 29. Qb4+ Qc5 30. Qa4 Qc7 31. Qa3+ Qc5 32. Qxa7+ Kf8 33. Qa4 Qc7 34. Qc6 Qb8 35. Qd6+ Qxd6 36. Rxd6 Rb8 37. a4 Ke7 38. Rd3 Nd7 39. Bc6 Ne5 40. Be4 Nxd3 41. Bxd3 Kd6 42. Kf3 Kc5 43. Ke3 Rd8 44. Kd2 Kb4 45. Kc2 f6 46. g4 f5 47. f3 g6 48. Be2 Rf8 49. Bd1 fxg4 50. hxg4 e5 51. Kd3 Rf4 52. Ke3 Kc3 53. c5 bxc5 54. a5 Rd4 55. Be2 Kxb3 56. a6 Rd7 57. Bb5 Re7 0-1

[Event "Rowy Jantar op"]
[Site "Rowy"]
[Date "2005.06.29"]
[Round "9"]
[White "Triegel, Rudolf"]
[Black "Mazurkiewicz, Antoni"]
[Result "1/2-1/2"]
[WhiteElo "1462"]
[BlackElo "1800"]
[PlyCount "53"]
[EventDate "2005.06.20"]
[EventType "swiss"]
[EventRounds "9"]
[EventCountry "POL"]
[SourceTitle "EXT 2007"]
[Source "ChessBase"]
[SourceDate "2006.11.23"]
[SourceVersion "1"]
[SourceVersionDate "2006.11.23"]
[SourceQuality "1"]

1. e4 e5 2. Nf3 Nc6 3. Bb5 a6 4. Bxc6 dxc6 5. d3 f6 6. Nh4 Ne7 7. Qh5+ g6 8. Qe2 Bg7 9. Nc3 Be6 10. Be3 0-0 11. Qd2 b6 12. Bh6 c5 13. Bxg7 Kxg7 14. b3 Nc6 15. Nf3 Nd4 16. Ne2 Bg4 17. Nfxd4 cxd4 18. f3 Be6 19. g4 Qd7 20. Rg1 a5 21. Kf2 Rh8 22. Ng3 Raf8 23. Nf5+ Bxf5 24. gxf5 g5 25. f4 exf4 26. Qxf4 Kf7 27. Qd2 1/2-1/2

[Event "Rowy Jantar op"]
[Site "Rowy"]
[Date "2005.06.28"]
[Round "8"]
[White "Laurisch, Werner"]
[Black "Triegel, Rudolf"]
[Result "1/2-1/2"]
[WhiteElo "1674"]
[BlackElo "1462"]
[PlyCount "78"]
[EventDate "2005.06.20"]
[EventType "swiss"]
[EventRounds "9"]
[EventCountry "POL"]
[SourceTitle "EXT 2007"]
[Source "ChessBase"]
[SourceDate "2006.11.23"]
[SourceVersion "1"]
[SourceVersionDate "2006.11.23"]
[SourceQuality "1"]

1. e4 c5 2. Nf3 Nc6 3. c3 e6 4. d4 cxd4 5. cxd4 d5 6. exd5 Qxd5 7. Nc3 Bb4 8. Bd2 Qd8 9. a3 Be7 10. Be3 Nf6 11. h3 a6 12. Bd3 h6 13. Bc2 b5 14. 0-0 Bb7 15. Ne4 Nd5 16. b4 0-0 17. Qd2 Nxe3 18. fxe3 Qc7 19. Qd3 f5 20. Nc5 Nd8 21. Bb3 Rf6 22. Ne5 Bxc5 23. Rac1 Be4 24. Qc3 Qb7 25. Qxc5 Bxg2 26. Rf2 Bd5 27. Bxd5 Qxd5 28. Qxd5 exd5 29. Rc7 Nf7 30. Rfc2 Nxe5 31. dxe5 Re6 32. Rd7 Rae8 33. Rcc7 Rg6+ 34. Kf2 Rxe5 35. Kf3 Ree6 36. Rxd5 Ref6 37. Rc8+ Rf8 38. Rxf8+ Kxf8 39. Rxf5+ Ke7 1/2-1/2

[Event "Brandenburg Seniors op 13th"]
[Site "Rowy"]
[Date "2004.06.30"]
[Round "9"]
[White "Ewald, Horst"]
[Black "Triegel, Rudolf"]
[Result "1-0"]
[WhiteElo "1652"]
[BlackElo "1492"]
[PlyCount "57"]
[EventDate "2004.06.21"]
[EventType "swiss"]
[EventRounds "9"]
[EventCountry "POL"]
[SourceTitle "EXT 2006"]
[Source "ChessBase"]
[SourceDate "2005.11.24"]
[SourceVersion "1"]
[SourceVersionDate "2005.11.24"]
[SourceQuality "1"]

1. d4 Nf6 2. Nc3 e6 3. e3 b6 4. Be2 Bb7 5. Nf3 Bb4 6. 0-0 0-0 7. Bd2 Be7 8. Bd3 c5 9. dxc5 Bxc5 10. b3 d5 11. Na4 Be7 12. Qe2 a6 13. Rfd1 Nbd7 14. Nb2 b5 15. c4 b4 16. cxd5 Nxd5 17. Rac1 a5 18. e4 N5f6 19. Bf4 Rc8 20. Nc4 h6 21. Bc2 Ba6 22. Nfd2 Rc6 23. Qe3 Bc5 24. Qh3 Kh8 25. e5 Nd5 26. Bxh6 Kg8 27. Bg5 f6 28. Qh7+ Kf7 29. Bg6+ 1-0

[Event "Brandenburg Seniors op 13th"]
[Site "Rowy"]
[Date "2004.06.23"]
[Round "3"]
[White "Augustat, Siegfried"]
[Black "Triegel, Rudolf"]
[Result "1-0"]
[WhiteElo "1755"]
[BlackElo "1492"]
[PlyCount "109"]
[EventDate "2004.06.21"]
[EventType "swiss"]
[EventRounds "9"]
[EventCountry "POL"]
[SourceTitle "EXT 2006"]
[Source "ChessBase"]
[SourceDate "2005.11.24"]
[SourceVersion "1"]
[SourceVersionDate "2005.11.24"]
[SourceQuality "1"]

1. d4 Nf6 2. c4 e6 3. Nf3 c5 4. Nc3 cxd4 5. Nxd4 b6 6. e4 d6 7. Be2 a6 8. Bf3 e5 9. Nde2 Be7 10. 0-0 0-0 11. Be3 Be6 12. Nd5 Nbd7 13. Nec3 Bxd5 14. Nxd5 Rb8 15. Nb4 Qc8 16. Rc1 Nc5 17. Nd5 Qb7 18. Qc2 Nxd5 19. cxd5 Nd7 20. Qb1 h6 21. Rc6 Rfc8 22. Rfc1 Nf6 23. Qc2 Rxc6 24. Qxc6 Qa7 25. Qc7 Rb7 26. Qc8+ Kh7 27. g3 g6 28. Qh3 Ng8 29. Qc8 Nf6 30. h3 Kg7 31. Bg2 Nd7 32. b4 Rb8 33. Rc7 Qa8 34. Qxd7 Re8 35. Bxb6 Kf6 36. Bf1 Qd8 37. Bxa6 Qxd7 38. Rxd7 Ra8 39. b5 h5 40. h4 Rb8 41. Be3 Bf8 42. Bg5+ Kg7 43. Be7 Bxe7 44. Rxe7 Kf8 45. Rc7 Rb6 46. Rc6 Rb8 47. Rxd6 Ke7 48. Rc6 Kd7 49. a4 Ra8 50. f4 exf4 51. gxf4 Ra7 52. Kf2 Ra8 53. e5 Re8 54. b6 f5 55. e6+ 1-0

[Event "Brandenburg Seniors op 12th"]
[Site "Rowy"]
[Date "2003.06.23"]
[Round "7"]
[White "Janocha, Jan"]
[Black "Triegel, Rudolf"]
[Result "1-0"]
[WhiteElo "1800"]
[BlackElo "1537"]
[PlyCount "51"]
[EventDate "2003.06.??"]
[EventType "swiss"]
[EventRounds "9"]
[EventCountry "POL"]
[SourceTitle "EXT 2006"]
[Source "ChessBase"]
[SourceDate "2005.11.24"]
[SourceVersion "1"]
[SourceVersionDate "2005.11.24"]
[SourceQuality "1"]

1. f4 Nf6 2. Nf3 b6 3. d4 Ba6 4. b3 e6 5. g3 d5 6. Bg2 Nbd7 7. 0-0 c6 8. Re1 Be7 9. Nbd2 0-0 10. Bb2 Rc8 11. Rc1 Bb7 12. Ne5 c5 13. c3 Rc7 14. e3 Qc8 15. g4 cxd4 16. exd4 Kh8 17. h4 Ng8 18. Ndf3 Qd8 19. g5 f6 20. Ng4 Ba6 21. gxf6 Ndxf6 22. Nge5 Ne4 23. Ng5 Nxg5 24. fxg5 Qe8 25. Qg4 Bc8 26. h5 1-0

[Event "Brandenburg Seniors op 12th"]
[Site "Rowy"]
[Date "2003.06.19"]
[Round "3"]
[White "Baumbach, Friedrich"]
[Black "Triegel, Rudolf"]
[Result "1-0"]
[WhiteElo "2306"]
[BlackElo "1537"]
[PlyCount "59"]
[EventDate "2003.06.??"]
[EventType "swiss"]
[EventRounds "9"]
[EventCountry "POL"]
[SourceTitle "EXT 2006"]
[Source "ChessBase"]
[SourceDate "2005.11.24"]
[SourceVersion "1"]
[SourceVersionDate "2005.11.24"]
[SourceQuality "1"]

1. d4 Nf6 2. c4 c6 3. Nf3 d6 4. Nc3 Nbd7 5. e4 Nb6 6. Be2 e6 7. 0-0 Be7 8. Qc2 Qc7 9. h3 0-0 10. Bf4 Nbd7 11. e5 Ne8 12. Ne4 dxe5 13. dxe5 Nc5 14. Neg5 g6 15. Rad1 b6 16. h4 Ng7 17. Rd2 Bb7 18. b4 Nd7 19. Ne4 Bxb4 20. Rxd7 Qc8 21. Rfd1 Nf5 22. g4 Ng7 23. Nf6+ Kh8 24. Ng5 Ne8 25. Nxf7+ Rxf7 26. Rxf7 Nxf6 27. exf6 e5 28. Rdd7 Bf8 29. Rxh7+ Kg8 30. Qxg6+ 1-0

[Event "Brandenburg Seniors op 12th"]
[Site "Rowy"]
[Date "2003.06.17"]
[Round "1"]
[White "Schenk, Dieter"]
[Black "Triegel, Rudolf"]
[Result "1-0"]
[WhiteElo "1903"]
[BlackElo "1537"]
[PlyCount "87"]
[EventDate "2003.06.??"]
[EventType "swiss"]
[EventRounds "9"]
[EventCountry "POL"]
[SourceTitle "EXT 2006"]
[Source "ChessBase"]
[SourceDate "2005.11.24"]
[SourceVersion "1"]
[SourceVersionDate "2005.11.24"]
[SourceQuality "1"]

1. e4 c5 2. c3 Nf6 3. e5 Nd5 4. d4 e6 5. Bc4 Nb6 6. Bb3 Nc6 7. Nf3 Be7 8. 0-0 d6 9. exd6 Bxd6 10. Bg5 Qc7 11. Nbd2 cxd4 12. cxd4 Be7 13. Rc1 Bxg5 14. Nxg5 Qf4 15. d5 Nd4 16. Nh3 Qf5 17. Ba4+ Bd7 18. Bxd7+ Nxd7 19. dxe6 Nxe6 20. Nc4 0-0 21. Qxd7 b5 22. Ne3 Qe5 23. Qd2 Rad8 24. Qc3 Nd4 25. Rfe1 Qh5 26. Kf1 h6 27. Qc5 Qg6 28. Nf4 Qa6 29. Ned5 Ne6 30. Nxe6 fxe6 31. Nb4 Qa4 32. b3 Qa3 33. Re2 a5 34. Nd3 Qxc5 35. Nxc5 Rc8 36. Rxe6 Rfd8 37. Rb6 b4 38. Ra6 a4 39. Rxa4 Rd5 40. Rxb4 Rdxc5 41. Rxc5 Rxc5 42. Rc4 Ra5 43. a4 Rd5 44. Ke2 1-0